[Event "81st Tata Steel Challengers 2019"]
[Site "Wijk aan Zee"]
[Date "2019.01.14"]
[Round "3"]
[White "Paehtz, Elisabeth"]
[Black "Korobov, Anton"]
[Result "1/2-1/2"]
[WhiteElo "2477"]
[BlackElo "2699"]
[Annotator "TA"]
[PlyCount "80"]
[EventDate "2019.01.12"]
[EventType "tourn"]
[EventCountry "NED"]
[SourceTitle "playchess.com"]
[Source "ChessBase"]
[SourceQuality "1"]

{[%evp 22,80,49,32,20,-2,50,25,47,44,39,23,77,76,64,72,83,77,89,91,95,36,60,59,97,27,26,12,24,38,33,42,104,5,43,16,32,27,29,42,27,8,18,15,26,26,33,13,26,26,43,26,52,52,52,52,52,52,52,52,52]} 1. d4 Nf6 2. c4 e6 3. g3 c5 4. d5 exd5 5. cxd5 g6 6. Bg2 Bg7 7. Nc3 O-O 8. Nf3 d6 9. O-O a6 10. a4 Nbd7 11. Bf4 Qe7 12. Rb1 {LiveBook: 13 Games. A63: Modern Benoni: Fianchetto Variation: 9...Nbd7} Re8 13. Qc1 {[#]} Qf8 $146 (13... Nb6 $11) ({Predecessor:} 13... Ng4 14. Bg5 Qf8 15. b4 cxb4 16. Rxb4 {1-0 (62) Yuffa,D (2521)-Yilmaz,M (2619) Batumi 2018}) 14. Re1 h6 15. Qc2 Rb8 16. b4 c4 (16... cxb4 $11 {remains equal.} 17. Rxb4 Nh5) 17. h3 $16 Nh5 18. Bd2 b5 19. axb5 axb5 20. g4 Nhf6 21. e4 (21. Nd4 $16) 21... Ne5 22. Nxe5 dxe5 23. f4 (23. Be3 $16) 23... Qd6 $11 24. f5 Bd7 25. Be3 Ra8 26. Bc5 Qb8 (26... Qc7 $14) 27. Ra1 ({Better is} 27. fxg6 $16 fxg6 28. Rf1) 27... Qb7 28. Qd2 Rxa1 29. Rxa1 {[#] Ra7 is the strong threat.} Ra8 30. Rxa8+ Qxa8 31. Qa2 (31. Qb2 {with more complications.} Bf8 32. Ne2 Qb8 33. Qa3 Kg7 34. Qa6) 31... Qxa2 32. Nxa2 gxf5 33. gxf5 Nh5 34. Bf1 Bf6 35. Bd6 Nf4 36. Kh2 h5 37. Kg3 {White is slightly better.} Bg7 38. Nc3 f6 39. h4 Bh6 40. Bc5 Kf7 {Precision: White = 46%, Black = 28%.} 1/2-1/2

[Event "81st Tata Steel Challengers 2019"]
[Site "Wijk aan Zee"]
[Date "2019.01.14"]
[Round "3"]
[White "Kuipers, Stefan"]
[Black "Maghsoodloo, Parham"]
[Result "0-1"]
[WhiteElo "2470"]
[BlackElo "2679"]
[Annotator "TA"]
[PlyCount "82"]
[EventDate "2019.01.12"]
[EventType "tourn"]
[EventCountry "NED"]
[SourceTitle "playchess.com"]
[Source "ChessBase"]
[SourceQuality "1"]

{[%evp 23,82,19,18,23,17,12,14,0,0,0,8,0,34,0,0,-37,-28,-53,-55,-41,-29,-29,-18,-18,-17,-15,-30,-26,-21,-16,0,-29,0,-80,-37,-54,-45,-45,-39,-33,0,-55,-58,-60,-40,-50,-60,-64,-60,-78,-69,-111,-112,-109,-93,-1250,-1308,-1233,-1263,-5106,-5110]} 1. e4 c5 2. Nf3 d6 3. d4 cxd4 4. Nxd4 Nf6 5. Nc3 Nc6 6. Bg5 e6 7. Qd3 Bd7 8. O-O-O a6 9. Be2 h6 {B62: Sicilian: Richter-Rauzer: 6...e6: Unusual White 7th moves} 10. Bh4 Be7 (10... Ne5 11. Qe3 g5 12. Bg3 b5 13. Nf3 Neg4 14. Qd3 b4 15. Nd5 exd5 16. exd5 Qa5 17. Kb1 {0-1 (51) Lampert,J (2514)-Sutovsky,E (2683) Douglas 2017}) 11. f4 Rc8 12. Nxc6 Bxc6 {LiveBook: 3 Games} 13. f5 O-O 14. fxe6 fxe6 15. Bf3 $146 ({Predecessor:} 15. Rhf1 Qc7 16. Qh3 Bd7 17. Kb1 {0-1 (85) Barbalic,Z (2062)-Zaas,P (2224) ICCF email 2014}) 15... Qa5 16. Kb1 Be8 17. Bg3 e5 18. Nd5 Nxd5 19. exd5 Bb5 20. Qg6 {[#] And now Qe6+ would win.} Rf6 21. Qe4 Be8 {White must now prevent ...Bg6.} 22. Qg4 Qc7 23. Be4 Qd7 24. Qe2 Bg6 25. Rhf1 Bxe4 26. Qxe4 b5 27. b3 a5 28. Bh4 (28. Rxf6 $11 {remains equal.} Bxf6 29. Be1) 28... Rff8 29. Bxe7 Qxe7 30. Rf5 Rxf5 31. Qxf5 Qf8 (31... Re8 {is more complex.} 32. Qe6+ Qxe6 33. dxe6 Rxe6 34. Rd5 Rf6) 32. Qxf8+ ({White should play} 32. Qd7 $11) 32... Kxf8 $11 {[%mdl 4096] Endgame KR-KR} 33. Rd3 b4 {[%cal Bb5b4,Bb4c3][%mdl 32]} 34. c4 bxc3 35. Kc2 Rc5 36. a3 Ke7 37. b4 axb4 38. axb4 Rc4 39. Rxc3 $2 {[%mdl 8192] [#]} (39. Rg3 $17) 39... Rxc3+ $19 {Black is clearly winning.} 40. Kxc3 Kd7 41. h4 h5 {Accuracy: White = 39%, Black = 75%.} 0-1

[Event "81st Tata Steel Challengers 2019"]
[Site "Wijk aan Zee"]
[Date "2019.01.15"]
[Round "4"]
[White "Korobov, Anton"]
[Black "Saduakassova, Dinara"]
[Result "1/2-1/2"]
[WhiteElo "2699"]
[BlackElo "2472"]
[Annotator "TA"]
[PlyCount "66"]
[EventDate "2019.01.12"]
[EventType "tourn"]
[EventCountry "NED"]
[SourceTitle "playchess.com"]
[Source "ChessBase"]
[SourceQuality "1"]

{[%evp 21,66,-6,-16,-8,-19,-4,-19,-42,-7,0,-14,-20,-18,-15,0,0,0,-10,-6,-7,-6,-13,0,-11,0,-48,-45,-71,-71,-73,-9,-8,-14,-14,-15,-22,0,0,0,0,0,0,0,0,0,0,0]} 1. d4 Nf6 2. c4 e6 3. Nc3 Bb4 {[%cal Bf8b4,Bb4a5,Ba5c7][%mdl 32]} 4. e3 O-O 5. Bd3 d5 6. Nf3 c5 7. O-O Nc6 8. a3 Ba5 9. Na4 dxc4 10. Bxc4 cxd4 11. exd4 h6 {LiveBook: 10 Games. E56: Nimzo-Indian: Rubinstein: Main Line: 7...Nc6} (11... Ne7 12. Qe2 Ng6 13. Nc3 Bxc3 14. bxc3 b6 15. Bb3 Bb7 16. h3 Rc8 17. Bd2 Ne4 18. Qe3 Nxd2 19. Nxd2 {0-1 (30) Khismatullin,D (2662)-Lastin,A (2617) Olginka 2011}) 12. Be3 Ne7 13. Rc1 $146 ({Predecessor:} 13. Nc5 Bc7 14. Rc1 b6 15. Na6 Bd6 16. Qe2 Bb7 17. Ne5 Rc8 18. f3 Ned5 19. Bd2 Ne7 20. Kh1 Nf5 21. Bc3 Nh5 22. Kg1 {0-1 (22) Burlov,V (2410)-Maiorov,N (2516) Moscow 2007}) 13... Bc7 14. Nc3 a6 15. Bd3 b6 16. Ne4 {[#] Nxf6+ is the strong threat.} Nfd5 17. Bd2 Nf5 18. Ng3 Nxg3 19. hxg3 Bb7 20. Re1 Nf6 21. Qe2 Qd7 22. Rc2 Rfd8 23. Be3 b5 24. Rc5 Ng4 25. Bh7+ Kf8 (25... Kh8 $17 26. Bc2 Bb6) 26. Ne5 $11 {The position is equal.} Nxe5 27. dxe5 Bb6 28. Qg4 g5 29. Qh5 Kg7 30. Bxg5 $1 hxg5 ({Stronger than} 30... Kxh7 31. Qxh6+ Kg8 {[#]} 32. Bf6 $1 {[%mdl 512]} Bxc5 33. Qh8#) 31. Qxg5+ Kxh7 32. Qh5+ Kg7 33. Qg5+ Kh7 {Precision: White = 63%, Black = 59%.} 1/2-1/2

[Event "81st Tata Steel Challengers 2019"]
[Site "Wijk aan Zee"]
[Date "2019.01.15"]
[Round "4"]
[White "Kovalev, Vladislav"]
[Black "Van Foreest, Lucas"]
[Result "1-0"]
[WhiteElo "2687"]
[BlackElo "2502"]
[Annotator "TA"]
[PlyCount "158"]
[EventDate "2019.01.12"]
[EventType "tourn"]
[EventCountry "NED"]
[SourceTitle "playchess.com"]
[Source "ChessBase"]
[SourceQuality "1"]

{[%evp 23,158,16,16,12,12,9,14,13,20,20,16,11,6,0,0,2,0,0,16,12,28,20,25,25,23,19,25,19,24,17,24,26,28,20,33,25,28,28,31,25,26,22,42,17,17,4,2,0,0,0,3,1,3,0,0,0,0,0,0,0,0,0,0,0,0,0,0,0,0,0,0,0,0,0,2,0,0,0,0,0,0,0,0,0,0,0,25,8,8,8,8,8,8,8,8,8,8,8,8,8,8,8,8,8,8,8,8,0,8,8,8,8,8,0,849,842,29959,29960,4570,1633,29968,29968,29976,29975,29975,29976,29976,29977,29977,29978,29978,29979,29979,29980,29980,29981,29984]} 1. e4 e5 2. Nf3 Nc6 3. Bb5 Nf6 4. O-O Nxe4 5. Re1 Nd6 6. Nxe5 Be7 7. Bf1 Nxe5 8. Rxe5 O-O 9. d4 Bf6 10. Re1 Re8 {C67: Ruy Lopez: Berlin Defence: 4 0-0 Nxe4} 11. c3 Rxe1 12. Qxe1 Ne8 {LiveBook: 46 Games. The position is equal.} 13. d5 c6 14. Be3 cxd5 15. Qd2 Nc7 16. Na3 d6 17. Nc2 Bf5 18. Nb4 {[#]} Be4 $146 19. Rd1 Qe7 20. a3 h6 21. f3 Bf5 22. Qf2 b6 23. Nxd5 Nxd5 24. Rxd5 Be6 25. Rd2 Bb3 26. Bd4 Bxd4 27. Rxd4 d5 28. Qe2 Kf8 29. Kf2 Re8 30. Qxe7+ Kxe7 $11 {[%mdl 4096] Endgame KRB-KRB} 31. Bb5 {Threatens to win with Rb4.} Rc8 32. h4 f6 33. h5 Kd6 34. Rg4 Rc7 35. Ke3 Re7+ 36. Kd2 Kc5 37. Ba6 Ba2 38. a4 Bb3 39. Kd3 Bd1 {...Be2+ is the strong threat.} 40. Kd2 Bb3 41. Rf4 Re5 42. g4 Re8 43. Rd4 Re7 44. Rf4 Re8 45. Be2 Re7 46. Bd1 Bxd1 47. Kxd1 {KR-KR} Re8 48. Kd2 Re7 49. b4+ Kc6 50. Rd4 Re5 51. c4 dxc4 52. Rxc4+ Kd7 53. Rd4+ Kc6 54. Kd3 Rg5 55. Kc4 {And now b5+ would win.} a6 {[%cal Ba7a6,Ba6b5][%mdl 32]} 56. Rd8 b5+ 57. axb5+ axb5+ 58. Kd4 f5 59. f4 Rxg4 60. Ke5 Rh4 61. Rd6+ Kc7 62. Rg6 Rxh5 63. Rxg7+ Kc6 64. Rg6+ Kc7 65. Re6 Kb7 66. Kf6 Rh1 67. Kxf5 h5 68. Re5 Kc6 $2 {[%mdl 8192]} (68... Kb6 $11) 69. Ke6 $1 $18 h4 70. f5 h3 {[#]} 71. f6 $1 {[%cal Rf6f7]} Rf1 {[#]} 72. Re2 $1 {White mates.} Rf4 73. Rc2+ Kb6 74. f7 Rf3 75. Re2 Kc6 76. Ke7 Kd5 77. f8=Q Rxf8 78. Kxf8 Kc4 79. Re4+ Kd5 {Accuracy: White = 81%, Black = 68%.} 1-0

[Event "81st Tata Steel Challengers 2019"]
[Site "Wijk aan Zee"]
[Date "2019.01.15"]
[Round "4"]
[White "Maghsoodloo, Parham"]
[Black "Esipenko, Andrey"]
[Result "1/2-1/2"]
[WhiteElo "2679"]
[BlackElo "2584"]
[Annotator "TA"]
[PlyCount "59"]
[EventDate "2019.01.12"]
[EventType "tourn"]
[EventCountry "NED"]
[SourceTitle "playchess.com"]
[Source "ChessBase"]
[SourceQuality "1"]

{[%evp 17,59,0,0,-3,0,0,0,0,0,-7,22,-22,-22,-42,-18,-11,-11,-20,-18,-16,-11,-10,-2,-16,0,-5,0,0,0,0,0,0,0,-10,-13,-20,-18,-23,0,-15,0,-33,0,-27]} 1. Nf3 Nf6 2. c4 c5 3. Nc3 d5 4. cxd5 Nxd5 5. g3 Nc6 6. Bg2 Nc7 7. O-O e5 8. b3 Be7 9. Bb2 O-O {LiveBook: 42 Games. A34: Symmetrical English: 2 Nc3, lines with ...d5} 10. Ne1 Qd7 (10... Be6 11. Bxc6 bxc6 12. Nf3 f6 13. d3 Bh3 14. Re1 Ne6 15. Rc1 Qe8 16. Na4 Rd8 17. Rc4 {1-0 (49) Maghsoodloo,P (2615)-Sethuraman,S (2631) Sharjah 2018}) 11. Nd3 b6 12. Bxc6 $146 ({Predecessor:} 12. f4 exf4 13. Nxf4 Bf6 14. Qb1 Bb7 15. Ne4 Bxb2 16. Qxb2 f5 17. Ng5 {0-1 (37) Navinsek,T (2320)-Rogulj,B (2430) Pula 1998}) 12... Qxc6 13. Nxe5 Qe6 14. Nd3 Bb7 15. Nf4 Qd7 {[%mdl 1024] Black has compensation.} 16. d3 Rad8 17. f3 f5 18. Qd2 Bg5 19. Rad1 Ne6 20. e3 Rfe8 21. Nce2 Ba6 22. Nc1 Nc7 23. Qf2 Nd5 24. Rfe1 Qf7 25. a3 Bb7 26. Ng2 Nc7 27. Nf4 Nd5 28. Ng2 Nc7 29. Nf4 Nd5 30. Ng2 {Accuracy: White = 87%, Black = 63%.} 1/2-1/2

[Event "81st Tata Steel Challengers 2019"]
[Site "Wijk aan Zee"]
[Date "2019.01.15"]
[Round "4"]
[White "Bareev, Evgeny"]
[Black "Gledura, Benjamin"]
[Result "1/2-1/2"]
[WhiteElo "2650"]
[BlackElo "2615"]
[Annotator "TA"]
[PlyCount "72"]
[EventDate "2019.01.12"]
[EventType "tourn"]
[EventCountry "NED"]
[SourceTitle "playchess.com"]
[Source "ChessBase"]
[SourceQuality "1"]

{[%evp 16,72,18,10,16,-2,0,-4,0,0,7,0,0,0,0,-8,0,-5,0,-42,-37,-52,-51,-107,-106,-84,-85,-82,-88,-100,-73,-125,-86,-112,-25,-76,0,-103,0,0,0,0,0,-72,0,0,0,0,0,0,0,0,0,0,0,0,8,8,24]} 1. d4 Nf6 2. Nf3 g6 3. Bg5 Bg7 4. e3 O-O 5. Nbd2 d5 6. Bd3 c5 7. c3 b6 8. O-O Nc6 9. Re1 {LiveBook: 3 Games. D03: 1 d4 d5 2 Nf3 Nf6 3 Bg5, including Torre Attack with early ...d5} h6 (9... Bb7 10. Qe2 Re8 11. Rad1 Nd7 12. e4 dxe4 13. Nxe4 cxd4 14. cxd4 Nb4 15. Bc4 Nd5 16. Ne5 N7f6 {0-1 (76) Lapshun,Y (2403)-Zanan,E (2512) Barcelona 2018}) 10. Bxf6 $146 (10. Bh4 {is interesting.} Nh5 11. h3 Bb7 12. Bb5 Rc8 13. Rc1) ({Predecessor:} 10. Bh4 Bb7 11. Bg3 Nh5 12. Be5 c4 13. Bxg7 Nxg7 14. Bc2 f5 15. Ba4 Nb8 16. Ne5 Rf6 {1-0 (45) Elguezabal Varela,D (2356)-Rioboo de la Riva,A (2270) Madrid 2015}) 10... Bxf6 11. e4 e6 12. e5 Be7 13. a3 a5 14. Qe2 Kg7 15. Nf1 a4 16. Ne3 Bd7 17. Rad1 cxd4 18. cxd4 Rb8 19. g3 ({White should try} 19. Rc1 $15) 19... b5 $1 $17 20. h4 b4 21. h5 bxa3 22. bxa3 Bxa3 (22... gxh5 $6 23. Bc2 $11) 23. Bc2 (23. Ra1 $142 Bb4 24. Reb1) 23... Ne7 24. Ng4 Nf5 ({Inferior is} 24... gxh5 25. Nf6 $14 (25. Qd3 Rh8 $17)) (24... Bb4 $1 $17 {aiming for ...Bb5.} 25. Rf1 Bb5) 25. Rb1 (25. hxg6 $11 fxg6 26. Nf6) 25... Be7 (25... Bb4 $17 26. Red1 Bb5) 26. Kg2 (26. hxg6 $11 fxg6 27. Bxf5 Rxf5 28. Nf6 $1 {[%mdl 512]} (28. Rxb8 Qxb8 29. Nf6 Bxf6 $17)) 26... a3 ({Weaker is} 26... gxh5 27. Nf6 $1 $16 {[%mdl 512]}) ({Better is} 26... Rxb1 $1 $17 27. Rxb1 gxh5 28. Bxf5 hxg4 29. Bxg4 Qa5) 27. hxg6 $11 fxg6 28. Qd2 g5 {[#]} 29. Rh1 {[#]} (29. Nf6 $1 $11 {[%mdl 512] remains equal.} Bxf6 30. exf6+ Qxf6 31. Ne5 Rxb1 32. Rxb1) 29... a2 (29... Rxb1 $1 $17 30. Rxb1 Qc7) 30. Rxb8 {The position is equal.} Qxb8 31. Nf6 $1 $36 {[%mdl 2048] White is pushing.} Bxf6 32. exf6+ Rxf6 {White must now prevent ...Qb2.} 33. Bxf5 $1 {And now Bd3 would win.} exf5 34. Qxa2 f4 {Hoping for ...fxg3.} 35. Ne5 Bf5 36. gxf4 Be4+ {Accuracy: White = 39%, Black = 53%.} 1/2-1/2

[Event "81st Tata Steel Challengers 2019"]
[Site "Wijk aan Zee"]
[Date "2019.01.15"]
[Round "4"]
[White "L'Ami, Erwin"]
[Black "Chigaev, Maksim"]
[Result "1/2-1/2"]
[WhiteElo "2643"]
[BlackElo "2604"]
[Annotator "TA"]
[PlyCount "95"]
[EventDate "2019.01.12"]
[EventType "tourn"]
[EventCountry "NED"]
[SourceTitle "playchess.com"]
[Source "ChessBase"]
[SourceQuality "1"]

{[%evp 25,95,4,33,13,11,0,0,0,0,0,0,-9,0,0,0,-1,18,13,28,-20,0,-31,0,-30,-22,-22,-15,-27,0,-6,-6,-6,-6,-8,-16,-14,-7,-6,-19,0,0,0,0,0,0,0,0,0,0,-2,0,0,0,0,0,0,0,0,14,4,4,4,4,0,0,0,0,0,0,0,0,0]} 1. e4 e5 2. Nf3 Nc6 3. Bb5 a6 4. Ba4 Nf6 5. O-O Be7 6. d3 d6 7. c3 O-O 8. Nbd2 Re8 9. Re1 Bf8 10. Nf1 h6 11. Ng3 b5 {C77: Ruy Lopez: 3...a6 4 Ba4 Nf6, unusual lines} 12. Bc2 (12. Bb3 Be6 13. Bxe6 Rxe6 14. a4 b4 15. d4 d5 16. dxe5 Nxe4 17. c4 Nxe5 18. cxd5 Nxf2 19. Kxf2 Ng4+ 20. Kf1 Rxe1+ 21. Qxe1 Qxd5 22. Qe4 Qd1+ 23. Qe1 Qd5 24. Qe4 Qd1+ 25. Qe1 {½-½ (25) Vachier Lagrave,M (2780)-Naiditsch,A (2721) Douglas 2018}) 12... d5 13. h3 Bb7 {LiveBook: 3 Games} 14. Nh2 dxe4 15. dxe4 $146 ({Predecessor:} 15. Nxe4 Nxe4 16. dxe4 Qxd1 17. Rxd1 Na5 {½-½ (30) Pavlicek,M (1926)-Loginov,P (1918) LSS email 2013}) 15... Qxd1 16. Rxd1 Red8 17. Ng4 Nxg4 18. hxg4 Rxd1+ 19. Bxd1 Nd8 20. Bb3 Be7 21. Be3 Bg5 22. Bc5 Bc8 23. f3 Be6 24. Bc2 Nb7 25. Bf2 Rd8 26. Nf1 Bc4 27. b3 {The position is equal.} Bd3 28. Bxd3 Rxd3 29. Be1 $1 Nc5 30. Kf2 $1 Rd8 {[#] aiming for ...Nd3+.} 31. Ke2 Nd3 {White must now prevent ...Nc1+.} 32. Ne3 Nxe1 33. Rxe1 Bxe3 34. Kxe3 $11 {[%mdl 4096] Endgame KR-KR} c5 35. Ke2 c4 36. bxc4 bxc4 37. Rd1 Rb8 38. Ke3 Rb2 39. Rd2 Rb1 40. Rd6 Rb2 41. Rxa6 Rc2 42. a4 {Threatening Rc6.} Rxc3+ 43. Kd2 Ra3 44. a5 c3+ 45. Kc2 g5 46. Rxh6 {[#] a6 is the strong threat.} Rxa5 47. Kxc3 Ra2 48. Rh2 {Precision: White = 52%, Black = 62%.} 1/2-1/2

[Event "81st Tata Steel Challengers 2019"]
[Site "Wijk aan Zee"]
[Date "2019.01.15"]
[Round "4"]
[White "Keymer, Vincent"]
[Black "Praggnanandhaa R"]
[Result "1/2-1/2"]
[WhiteElo "2500"]
[BlackElo "2539"]
[Annotator "TA"]
[PlyCount "73"]
[EventDate "2019.01.12"]
[EventType "tourn"]
[EventCountry "NED"]
[SourceTitle "playchess.com"]
[Source "ChessBase"]
[SourceQuality "1"]

{[%evp 19,73,0,0,0,0,0,0,0,0,0,0,0,0,0,0,-12,0,0,14,14,14,0,41,41,27,22,26,20,32,-58,13,9,14,8,10,14,31,31,31,27,39,37,40,50,58,14,24,0,0,0,0,0,0,0,0,0]} 1. d4 Nf6 2. c4 e6 3. Nf3 d5 4. Nc3 dxc4 5. e4 Bb4 6. Bxc4 {D24: Queen's Gambit Accepted: 3 Nf3 Nf6 4 Nc3} Nxe4 7. O-O Nxc3 (7... Nf6 8. Qa4+ Nc6 9. Ne5 Rb8 10. d5 exd5 11. Nxd5 Nxd5 12. Nxc6 bxc6 13. Qxc6+ Qd7 14. Bxd5 {½-½ (28) Aronian,L (2764)-Caruana,F (2822) Stavanger 2018}) 8. bxc3 Bd6 9. Ng5 h6 10. Qh5 O-O {LiveBook: 9 Games} 11. Ne4 f5 12. Nxd6 cxd6 13. Re1 {aiming for Bxh6!} Rf6 {[#]} 14. Bf4 $146 d5 15. Bd3 Nc6 16. Rab1 b6 17. h4 Bd7 18. Re3 Qf8 19. Rbe1 Rc8 20. Qd1 Ne7 21. Ba6 {[%mdl 1024] White has compensation.} Rd8 22. Bc7 Ra8 23. Be5 Rf7 24. h5 (24. Bd6 $14) 24... Nc6 ({Black should try} 24... f4 $15 25. Rh3 Nc6) 25. Bf4 $11 Na5 26. Qe2 Re8 27. Bb5 Qe7 (27... Bxb5 {keeps more tension.} 28. Qxb5 Rf6 29. Qxd5 exd5 30. Rxe8 Nc4) 28. Bxd7 Qxd7 29. Rxe6 Rxe6 30. Qxe6 Qxe6 31. Rxe6 $14 {[%mdl 4096] Endgame KRB-KRN} Nc4 32. Kf1 Kf8 33. a4 Rd7 {The position is equal.} 34. Rc6 Kf7 35. Ke2 Re7+ 36. Kd1 Re6 37. Rc7+ {Accuracy: White = 63%, Black = 71%.} 1/2-1/2

[Event "81st Tata Steel Challengers 2019"]
[Site "Wijk aan Zee"]
[Date "2019.01.15"]
[Round "4"]
[White "Paehtz, Elisabeth"]
[Black "Kuipers, Stefan"]
[Result "1/2-1/2"]
[WhiteElo "2477"]
[BlackElo "2470"]
[Annotator "TA"]
[PlyCount "72"]
[EventDate "2019.01.12"]
[EventType "tourn"]
[EventCountry "NED"]
[SourceTitle "playchess.com"]
[Source "ChessBase"]
[SourceQuality "1"]

{[%evp 21,72,31,37,18,22,11,39,12,18,6,9,7,17,0,0,0,0,0,0,0,0,0,0,-11,0,0,0,0,0,0,0,0,9,9,9,8,8,8,8,8,8,0,0,0,0,0,0,0,0,0,0,0,0]} 1. e4 e6 2. d4 d5 3. Nc3 Nf6 4. Bg5 dxe4 5. Nxe4 {[%mdl 64] [#] Pin} Be7 6. Bxf6 Bxf6 7. Nf3 Bd7 8. Bd3 Bc6 9. c3 Bxe4 10. Bxe4 c6 11. Qe2 Nd7 12. O-O {C13: French: Classical System: 4 Bg5 Be7, Alekhine-Chatard Attack} O-O 13. Rfe1 (13. Rad1 Qc7 14. h4 Rfe8 15. g3 Rad8 16. Rfe1 {½-½ (16) Stukopin,A (2579)-Nyzhnyk,I (2601) New York 2018}) 13... Qc7 14. Rad1 {White is slightly better.} Rad8 {The position is equal.} 15. g3 $146 ({Predecessor:} 15. Bc2 g6 16. h4 Qf4 17. g3 Qg4 {½-½ (31) Horvath,K (2154)-Ruboczki,T (2049) Hungary 2013}) 15... Rfe8 16. Kg2 g6 17. Bc2 c5 18. h4 cxd4 19. Nxd4 a6 20. h5 Ne5 21. hxg6 hxg6 22. Be4 b5 23. a4 bxa4 24. Ra1 Rd6 25. Rxa4 Rb8 26. Rea1 Rdb6 27. R1a2 a5 28. Rxa5 Rxb2 $1 29. Rxb2 Rxb2 30. Ra8+ Rb8 31. Rxb8+ Qxb8 32. f4 Nd7 33. Bxg6 Bxd4 34. cxd4 Qd6 35. Bc2 Qxd4 36. Qd3 Qxd3 {Accuracy: White = 54%, Black = 78%.} 1/2-1/2

[Event "81st Tata Steel Challengers 2019"]
[Site "Wijk aan Zee"]
[Date "2019.01.16"]
[Round "5"]
[White "Gledura, Benjamin"]
[Black "Kovalev, Vladislav"]
[Result "0-1"]
[WhiteElo "2615"]
[BlackElo "2687"]
[Annotator "TA"]
[PlyCount "84"]
[EventDate "2019.01.12"]
[EventType "tourn"]
[EventCountry "NED"]
[SourceTitle "playchess.com"]
[Source "ChessBase"]
[SourceQuality "1"]

{[%evp 19,84,16,19,0,0,0,0,0,0,-27,0,-13,0,0,0,0,0,-27,35,-26,0,0,0,0,0,0,0,-45,-47,-49,-54,-67,-77,-93,-97,-104,-109,-102,-103,-230,-226,-226,-226,-226,-226,-226,-232,-253,-258,-285,-274,-276,-259,-362,-350,-405,-419,-687,-663,-1137,-1093,-924,-928,-1073,-941,-919,-911]} 1. e4 e5 2. Nf3 Nc6 3. Bc4 Bc5 4. d3 Nf6 5. O-O d6 6. c3 a5 {C54: Giuoco Piano: 4 c3 Nf6, main lines with 5 d4 and 5 d3} (6... a6 7. Re1 Ba7 8. a4 Ng4 9. Re2 Qf6 10. Nbd2 g5 11. Qe1 Rg8 12. Nf1 h5 13. Qd2 Be6 14. Bd5 Bxd5 15. exd5 {0-1 (29) Amin,B (2709)-Adhiban,B (2682) Zagreb 2018}) 7. Re1 O-O 8. h3 h6 9. Nbd2 Be6 10. Bb5 Qb8 {LiveBook: 32 Games} 11. Bxc6 (11. Nf1 {feels hotter.} Bb6 12. Qc2 Na7 13. Ba4 Nc6 14. Bd2) 11... bxc6 12. d4 exd4 13. cxd4 {[#]} Bb4 $146 ({Predecessor:} 13... Bb6 14. b3 d5 15. e5 {1-0 (38) Stevic,H (2579)-Deac,B (2594) Batumi 2018}) 14. Re2 a4 15. a3 Ba5 16. e5 $1 {[%cal Re5f6]} Nd5 17. Ne4 f5 18. Ng3 Nb6 (18... Qc8 $11) 19. d5 (19. Bd2 $14) 19... Bxd5 20. Nd4 f4 21. Ngf5 Rxf5 $1 22. Nxf5 {exd6 is the strong threat.} Qf8 $1 {[%cal Rf8f5]} 23. Nd4 c5 {[%mdl 1024] Black has compensation.} 24. Nf3 Bb3 $1 $36 {[%cal Rb3d1][%mdl 2048] Black has some pressure.} 25. Qd3 Bc4 26. Qc2 {Black should prevent Re4.} d5 27. e6 {Strongly threatening e7.} Bxe2 28. Qxe2 Nc4 $1 29. Ne5 (29. Bd2 $17 Nxd2 30. Nxd2) 29... Nxe5 $1 $19 30. Qxe5 {[#]} Qd6 $1 {[%cal Rd6e5]} 31. Bxf4 Qxe5 32. Bxe5 {[%mdl 4096] Endgame KRB-KRB} Re8 33. Rd1 Rxe6 34. Bc3 Bxc3 35. bxc3 {KR-KR} c6 36. c4 dxc4 37. f3 Re3 38. Rc1 (38. Ra1 $142) 38... Rxa3 {Black is clearly winning.} 39. Rxc4 Ra1+ 40. Kf2 a3 {[%cal Ba4a3,Ba3a2][%mdl 32]} 41. Rxc5 {[#]} a2 $1 42. Rc2 {[#]} Rf1+ $1 {[%mdl 576] Decoy, Clearance, Promotion. Accuracy: White = 42%, Black = 77%.} 0-1

[Event "81st Tata Steel Challengers 2019"]
[Site "Wijk aan Zee"]
[Date "2019.01.16"]
[Round "5"]
[White "Chigaev, Maksim"]
[Black "Keymer, Vincent"]
[Result "1/2-1/2"]
[WhiteElo "2604"]
[BlackElo "2500"]
[Annotator "TA"]
[PlyCount "61"]
[EventDate "2019.01.12"]
[EventType "tourn"]
[EventCountry "NED"]
[SourceTitle "playchess.com"]
[Source "ChessBase"]
[SourceQuality "1"]

{[%evp 19,61,15,16,0,0,-10,0,0,0,-23,0,-15,-9,-14,-8,-18,0,0,8,0,0,0,25,0,0,9,9,3,12,-20,-24,-18,-17,-17,-21,-16,-5,-6,-12,-8,-5,-5,-5,-12]} 1. e4 c5 2. Nf3 d6 3. d4 cxd4 4. Nxd4 Nf6 5. Nc3 a6 6. Be3 e5 7. Nf3 Be7 8. Bc4 Be6 9. Bb3 {B90: Sicilian Najdorf: Unusual White 6th moves, 6 Be3 Ng4 and 6 Be3 e5} Nbd7 10. O-O Rc8 {LiveBook: 3 Games} 11. Bg5 O-O 12. Bxf6 $146 ({Predecessor:} 12. Re1 Nb6 13. Qd2 Qc7 14. Rad1 Rfd8 15. h3 Nc4 16. Bxc4 Qxc4 {½-½ (25) Ernst,T (2455)-Brustman,A (2295) Osterskars 1995}) 12... Nxf6 13. Qe2 b5 14. Rfd1 Rc5 15. Ne1 Qb6 16. Kh1 a5 {[%cal Ba6a5,Ba5a4][%mdl 32]} 17. f3 a4 18. Bxe6 fxe6 19. a3 Rc4 20. Nd3 Rfc8 21. Rab1 Qb8 22. Rd2 Bd8 {[%cal Be7d8,Bd8b6,Bb6d4][%mdl 32]} 23. Nd1 Bb6 24. c3 d5 {[%cal Rd5e4]} 25. N1f2 $1 d4 {The position is equal.} 26. cxd4 $1 Bxd4 27. Rbd1 Qb6 28. Nb4 Nd7 29. Nfd3 Nc5 30. Nxc5 Qxc5 31. g3 {Accuracy: White = 50%, Black = 71%.} 1/2-1/2